Blízkosť predajní je dôležitá

Doplnkové nákupy sú pre slovenské domácnosti z hľadiska frekvencie najsilnejším nákupným zámerom. Pri výbere miesta je jeho blízkosť veľmi dôležitým kritériom, čo potvrdili výskumy.

Enregistré dans:
Détails bibliographiques
Format: Chapitre de livre
Langue:slovaque
Sujets:
Tags: Ajouter un tag
Pas de tags, Soyez le premier à ajouter un tag!

MARC

LEADER 00000naa a2200000 4500
001 0248584
005 20181105132231.2
041 0 |a slo 
044 |a SK 
245 1 0 |a Blízkosť predajní je dôležitá 
520 |a Doplnkové nákupy sú pre slovenské domácnosti z hľadiska frekvencie najsilnejším nákupným zámerom. Pri výbere miesta je jeho blízkosť veľmi dôležitým kritériom, čo potvrdili výskumy. 
610 2 0 |a nákup 
610 2 0 |a prieskum 
610 2 0 |a retailing 
610 2 0 |a potraviny